El consejo de estado, su trayectoria y perspectivas en España

Na minha lista:
Detalhes bibliográficos
Autor principal: Cordero Torres, José María (Author)
Formato: Livro
Idioma:espanhol
Publicado em: Madrid Instituto de Estudios Políticos 1944
Assuntos:
Tags: Adicionar Tag
Sem tags, seja o primeiro a adicionar uma tag!

MARC

LEADER 00000nam a2200000 a 4500
001 UCT9748
003 CL-VaPUC
008 970411e19440000SP |||||||||||||||||spa|d
082 0 4 |a 342.064  |b COR  |2 21 
100 0 |a Cordero Torres, José María  |e author  |9 382721 
245 1 3 |a El consejo de estado, su trayectoria y perspectivas en España 
300 |a 602 p 
942 |c BK 
945 |d 19970411 00:00:00  |a paguirre 
260 |a Madrid  |b Instituto de Estudios Políticos  |c 1944 
600 0 7 |a CONSEJO DE ESTADO DE ESPAÑA  |2 CL-VaPUC  |9 327495 
650 0 |a Poder ejecutivo  |9 255177 
650 0 |a Derecho administrativo  |9 254851 
651 0 |a España  |9 254926 
583 |a last modification  |c 20130925 08:16:09  |k Rodrigo Vera 
999 |c 258127  |d 258125 
952 |0 0  |1 0  |4 0  |6 342_064000000000000_COR_1944  |7 0  |8 A  |9 281951  |a BIBDER  |b BIBDER  |d 2019-11-19  |i 182953K  |o 342.064 COR 1944  |p 182953K  |r 2023-01-25  |w 2019-11-19  |y BK  |k DER